000 01235cam a22003255i 4500
001 22124583
003 OSt
005 20260418120110.0
008 210709e202102 ii 000 0 malo
010 _a 2020340241
020 _a9789353906528
025 _aI-Mal-2020340241; 22-92; 14
037 _bLibrary of Congress -- New Delhi Overseas Office
040 _aDLC
_beng
_erda
_cDLC
_dDLC
042 _alcode
082 _a894.8128
_bSIV/K
100 1 _aŚivadās, Suma,
_d1944-
_eauthor.
_99799
245 1 0 _aKeraḷabhakṣaṇacaritr̲aṃ :
_bbhakṣaṇasaṃskāraṃ, sāmūhikaśāstr̲aṃ, rucikaḷ, pācakakkur̲ippukaḷōṭe /
_cSumā Śivadās, Ḍō. Dīpa Ji.
264 1 _aKottayam, Kerala State, India :
_bḌi Si Buks,
_cFebruary 2021.
300 _a495 pages ;
_c26 cm
336 _atext
_btxt
_2rdacontent
337 _aunmediated
_bn
_2rdamedia
338 _avolume
_bnc
_2rdacarrier
520 _aA history of Malayali (Keralite) ethnic food, and food culture.
546 _aIn Malayalam.
700 1 _aDīpa, Ji.,
_eauthor.
906 _a7
_bpar
_corigode
_d3
_encip
_f20
_gy-gencatlg
942 _2ddc
_cBK
_h894.8128
_iSIV/K
_k894.8128
_mSIV/K
999 _c42883
_d42883